| 000 | 00912aam a2200277 a 4500 | ||
|---|---|---|---|
| 001 | 016125661 | ||
| 003 | Uk | ||
| 005 | 20140116141659.0 | ||
| 008 | 120710s2013 enka 001 0 eng c | ||
| 020 | _a9780273774341 (pbk.) | ||
| 040 |
_aIeDuTC _beng _cIeDuTC _dUk |
||
| 082 | 0 | 4 |
_a004.6 _223 _bWON |
| 100 | 1 |
_aWong, Yue-Ling. _934500 |
|
| 245 | 1 | 0 |
_aDigital media primer : _bdigital audio, video, imaging and multimedia programming / _cYue-Ling Wong ; contributions by Shandar Junaid. |
| 250 |
_a2nd ed. _binternational edition. |
||
| 260 |
_aHarlow : _bPearson Education Limited, _c2013. |
||
| 300 |
_a552 p. : _bill. ; _c23 cm. |
||
| 500 | _aIncludes index. | ||
| 500 | _aPrevious ed., 2009. | ||
| 650 | 0 |
_aDigital media. _934501 |
|
| 650 | 0 |
_aMultimedia systems. _934502 |
|
| 653 |
_bCS _cNovember2013 |
||
| 655 |
_vreading book _934232 |
||
| 700 | 1 |
_aJunaid, Shandar. _934503 |
|
| 942 |
_2ddc _cBB _k004.6 WON |
||
| 999 |
_c17770 _d17742 |
||